000
00310nam a22001217a 4500
008
180421b xxu||||| |||| 00| 0 eng d
041
_a
eng
080
_a
043.3
100
_a
0
101
_a
MBE-BA
245
_a
Analize e Zhvillimit, Kuptimit, Definimeve dhe llojeve te Bankave
_c
Mustafa, Sh
942
_2
udc
_c
BK
999
_c
45408
_d
45408